Music Quiz

Random Music or Song Quiz

Big Sean - Dark Sky Paradise Lyrics Quiz Stats

 Plays Quiz not verified by Sporcle

Challenge
Share
Tweet
Embed
Score 0/15 Timer 04:00
0 Plays Today
Lyric Song Title % Correct
'I heard you got a new man, I see you takin' a pic // Then you post it up, thinkin' that its makin' me sick // I see you calling, I be makin' it quick, I'mma answer that s*** like'I Don't F*** With You
83.1%
'Deep, deeper than telekinesis // Deeper than your sister dying and you're telling your nieces // The deeper it gets, boy, the pressure increases'Deep
74.2%
'My grandma told me if you write your name in stone you'll never get the white out // I grinded out that black hole then performed up at The White House'One Man Can Change The World
73.2%
'Pop, pop, pop like Pepsi Co // The best we smoke // Plus the tan look like you flew in from Mexico'I Know
71.4%
'At the top of the rap game and progressin' // Check after check, checking off my check list'Blessings
67.4%
'Aw damn I'm illuminated man, I knew I make it // And I get that s*** accumulated // Never throwing money out, I boomerang it // Finally famous over everything, that's a numerator'Paradise
66.1%
'I left that sexy dress out on the bed with a note there laying for ya // With directions where I'm waiting with dinner and waiter for ya'Play No Games
64.6%
'You talkin' bout I had the key to your heart // Then I got my first European you took that key then you keyed it // What type of **** do we be in? Blowin' up TNT'n'Research
62%
Lyric Song Title % Correct
'And then they said it happened for me overnight, **** yeah I guess // I guess it took ten years for me to be an overnight success'Dark Sky (Skyscrapers)
56.3%
'Ho we done made it through hell and disaster // My crib done got bigger, my women got badder'All Your Fault
54.9%
'You look like the 'Um, you owe me' type, Oh, hardly never taking pictures, not the photo type // No, Please don't Instagram this **** and be up on me like 'Oh you owe me likes'Outro
51%
'Sometimes the best teacher is ourselves goin' through somethin' // Real life will teach your a** way f***** fast // I always thought my last girl was supposed to be my last'Win Some, Lose Some
48.7%
'Some girls are the Lebron James of playing mind games // And switch their home team up every single time their mind change'Deserve It
47.1%
'Okay, I sip the kamikaze while I bend the body // And I whip the Maserati like I'm Ricky Bobby'Stay Down
46.1%
'It was me and my dawgs, summer on summer // Riding around like we dumber on dumber // Whipping that Toyota like it's a Hummer // What happened to those days? I really do wonder'Platinum and Wood
41.4%

You're not logged in!

Compare scores with friends on all Sporcle quizzes.
OR
Log In

You Might Also Like...

Show Comments

Extras

Top Quizzes Today


Score Distribution

Your Account Isn't Verified!

In order to create a playlist on Sporcle, you need to verify the email address you used during registration. Go to your Sporcle Settings to finish the process.

Report this User

Report this user for behavior that violates our Community Guidelines.

Details: